| 000 | 00680nam a2200193Ia 4500 | ||
|---|---|---|---|
| 003 | GCL | ||
| 008 | 140319s9999 xx 000 0 ara d | ||
| 040 |
_aGCL / _cGCL |
||
| 082 | 0 | 4 |
_aق _b907.2 _bم ت |
| 100 | 1 | _aمحمد بيومى مهران | |
| 245 | 1 | 0 |
_aالتاريخ و التاريخ: دراسة فى ماهية التاريخ و كتابته و مذاهب تفسيره و مناهج البحث فيه / _cمحمد بيومى مهران |
| 300 | _a353 ص | ||
| 490 |
_aمصر و الشرق الادنى القديم _v0 |
||
| 650 | 0 | 4 | _aتاريخ |
| 650 | 0 | 4 | _aالتاريخ |
| 650 | 0 | 4 | _aالمؤرخون |
| 650 | 0 | 4 | _aالعالم القديم |
| 942 |
_2ddc _cBK |
||
| 999 |
_c41429 _d41429 |
||